TEXT BOOK OF FORENSIC PHARMACY FOR PHARMACY STUDENTS AND PROFESSIONALS (Record no. 6130)

MARC details
000 -LEADER
fixed length control field 00530nam a22001817a 4500
005 - DATE AND TIME OF LATEST TRANSACTION
control field 20230117121810.0
008 - FIXED-LENGTH DATA ELEMENTS--GENERAL INFORMATION
fixed length control field 200317b xxu||||| |||| 00| 0 eng d
020 ## - INTERNATIONAL STANDARD BOOK NUMBER
ISBN 9789387085978
041 ## - LANGUAGE CODE
Language code of text/sound track or separate title eng
082 ## - DEWEY DECIMAL CLASSIFICATION NUMBER
Classification number 615.1
Item number MOH-T
100 ## - MAIN ENTRY--AUTHOR NAME
Personal name MOHANTA ,GURU PRASAD
245 ## - TITLE STATEMENT
Title TEXT BOOK OF FORENSIC PHARMACY FOR PHARMACY STUDENTS AND PROFESSIONALS
Statement of responsibility, etc GURU PRASAD MOHANTA
250 ## - EDITION STATEMENT
Edition statement 2'ND
260 ## - PUBLICATION, DISTRIBUTION, ETC. (IMPRINT)
Place of publication NEW DELHI
Name of publisher CBS PUBLISHERS AND PUBLICATION
Year of publication 2018
300 ## - PHYSICAL DESCRIPTION
Number of Pages 267
650 ## - SUBJECT ADDED ENTRY--TOPICAL TERM
Topical Term PHARMCY
General subdivision D.PHARMA
942 ## - ADDED ENTRY ELEMENTS (KOHA)
Koha item type Books
Holdings
Lost status Damaged status Collection code Home library Current library Shelving location Date acquired Cost, normal purchase price Full call number Accession Number Koha item type Source of acquisition
    Reference JRU Library JRU Library SHELF-3-A 17/03/2020 325.00 615.1 23776 Books  
    PHARMACY JRU Library JRU Library SHELF-19-E 17/03/2020 325.00 615.1 23777 Books PURCHASE
    PHARMACY JRU Library JRU Library SHELF-19-E 25/02/2022 395.00 615.1 26637 Books PURCHASE
    PHARMACY JRU Library JRU Library SHELF-19-E 25/02/2022 395.00 615.1 26638 Books PURCHASE
    PHARMACY JRU Library JRU Library SHELF-19-E 25/02/2022 395.00 615.1 26639 Books PURCHASE
    PHARMACY JRU Library JRU Library SHELF-19-E 25/02/2022 395.00 615.1 26640 Books PURCHASE
    PHARMACY JRU Library JRU Library SHELF-19-E 25/02/2022 395.00 615.1 26641 Books PURCHASE